Responses for Show #2484 - Thursday, May 25, 1995

Contestants

[<< previous game]

Jeff Hall, a student teacher from Lemoore, California

Larry Glass, a client service specialist from Santa Monica, California

Rick Brown, a video tape editor and videographer from South Toms River, New Jersey (whose 2-day cash winnings total $26,801)

[next game >>]

Jeopardy! Round responses

GREEK MYTHOLOGY
NEWSPAPERS & MAGAZINES
AMERICAN HISTORY
FOOD & DRINK
U.S.A.
CHARACTERS IN MUSICALS
    $100 1
comedy

Rick
    $100 16
boxing

Jeff
    $100 3
Hawaii

Larry
    $100 4
beer

Jeff
    $100 5
Edison

Jeff
    $100 26
Jesus Christ Superstar

Jeff
    $200 2
a peacock

Jeff
    $200 17
the Washington Post

Rick
    $200 13
the Constitution

Jeff
    $200 22
Concord

Jeff
    $200 6
the Aleutians

Jeff
    $200 27
Gypsy

Triple Stumper
    $300 9
Aphrodite

Rick
    $300 18
Tokyo

Larry
    $300 14
Kansas

Larry
    $300 23
(Larry: What are butter, water and eggs?)

butter, flour and sugar

Larry
Triple Stumper
    $300 7
the Hudson

Jeff
    $300 28
Kiss Me, Kate

Jeff
    $400 10
(Jeff: Who is Apollo?)

Helios

Jeff
Triple Stumper
    $400 19
Ms. magazine

Larry
    $400 15
Senator McCarthy

Rick
    $400 24
bouillabaisse

Jeff
    $400 8
(Larry: What is Raleigh-Durham?)

Winston-Salem

RickLarry
    $400 29
Kismet

Triple Stumper
    $500 11
(Larry: Who is Mercury?)

Hermes

LarryJeff
    $500 20
Essence

Jeff
    $500 21
Teddy Roosevelt

Jeff
    $500 25
oolong

Larry
    $500 12
Huron

Jeff
    $500 30
the Man of La Mancha

Triple Stumper

Scores at the first commercial break (after clue 15):

Rick Larry Jeff
$1,200 -$500 $1,700

Scores at the end of the Jeopardy! Round:

Rick Larry Jeff
$1,400 $400 $3,800

Double Jeopardy! Round responses

1984
THE GOOD EARTH
KIDNAPPED
O PIONEERS!
CAPTAINS COURAGEOUS
DUBLINERS
    $200 1
(Jeff: Uh, what is Miss U.S.A.?)

Miss America

LarryJeff
    $200 7
caves

Jeff
    $200 6
(Jeff: Who is Busch?)

Coors

LarryJeff
    $200 12
quilts

Jeff
    $200 17
(Larry: Who is Vasco da Gama?)

Magellan

LarryJeff
    $200 24
Jonathan Swift

Rick
    $400 2
Prince Charles

Rick
    $400 8
black

Jeff
    $400 22
(Bruno) Hauptmann

Jeff
    $400 13
a log cabin

Jeff
    $400 18
(Captain) Bligh

Jeff
    $400 25
Wellington

Jeff
    $600 3
New Orleans

Larry
    $600 9
glacier

Larry
    $600 23
Tania

Rick
    $600 14
Daniel Boone

Jeff
    $600 19
John Paul Jones

Rick
    $600 26
Guinness

Jeff
    $800 4
Duarte

Rick
    $800 10
Ayers Rock

Jeff
    $1,000 27
(Alex: [Prior to the wager] We have less than a minute to go.)

Terry Waite

Jeff
    $800 15
a prairie schooner

Jeff
    $800 20
(Jeff: Who is Raleigh?)

(Captain) John Smith

RickJeff
    $800 30
James Joyce

Jeff
    $1000 5
Zola Budd

Jeff
    $1,000 11
Pampas

Jeff
    $1000 28
Leopold & Loeb

Rick
    $1000 16
[Applause]
(Alex: Jeff's on a roll. You keep shaking your head in a negative way, but you keep coming up with the correct responses.)

(Stephen) Austin

Jeff
    $1000 21
Stephen Decatur

Jeff
    $1000 29
Yeats

Jeff

Scores at the end of the Double Jeopardy! Round:

Rick Larry Jeff
$5,800 $1,800 $14,800
(lock game)

[wagering suggestions for these scores]

Final Jeopardy! Round responses

MAMMALS
LarryWhat are prairie dogs
$1,800
RickWhat are [3 or 4 letters scribbled out] Bison?
$2,200
JeffWhat is a buffalo?
$200
prairie dogs

Final scores:

Rick Larry Jeff
$3,600 $3,600 $14,600
2nd place: Psion Series 3a pocket computer & Prodigy computer service + Jeopardy! home game 3rd place: Panasonic CD radio cassette recorder & portable CD player + Jeopardy! home game New champion: $14,600

Game dynamics:

Coryat scores:

Rick Larry Jeff
$5,800 $1,800 $14,600
12 R,
0 W
9 R,
4 W
34 R
(including 3 DDs),
4 W

Combined Coryat: $22,200

[game clues] [game scores] [suggest correction]

Game tape date: 1995-01-18
The J! Archive is created by fans, for fans. Scraping, republication, monetization, and malicious use prohibited; this site may use cookies and collect identifying information. See terms. The Jeopardy! game show and all elements thereof, including but not limited to copyright and trademark thereto, are the property of Jeopardy Productions, Inc. and are protected under law. This website is not affiliated with, sponsored by, or operated by Jeopardy Productions, Inc. Join the discussion at JBoard.tv.